| 000 | 00649nam a22002057a 4500 | ||
|---|---|---|---|
| 003 | 00 | ||
| 005 | 20170717104525.0 | ||
| 008 | 170717b xxu||||| |||| 00| 0 eng d | ||
| 020 | _a978-2-7462-1698-3 | ||
| 040 |
_aBUAC _cBUC |
||
| 041 | _aFre. | ||
| 100 | _aChaouchi, Hakima | ||
| 245 |
_aLa sécurité dans les réseaux sans fil et mobiles 2 : _bTechnologies du marché _c/ par Hakima Chaouchi , Maryline Laurent-Maknavicius |
||
| 260 |
_aParis: _bLavoisier, _c2007 |
||
| 300 |
_a249 p. _bcouv. en coul. ; _c24 cm |
||
| 440 | _a( Information - commande - communication) | ||
| 500 | _aIndex pp.235-241 | ||
| 600 | _2Pujolle, Guy | ||
| 942 | _cLBA | ||
| 999 |
_c56723 _d56723 |
||